Prehľad praktických dopadov komplexnej novely štandardov

Komplexná novela viac ako 20 štandardov, vydaná v máji 2008. Opis obsahových zmien, ktoré novela prináša.

Na minha lista:
Detalhes bibliográficos
Autor principal: Tumpach, Miloš, 1970-
Formato: Capítulo de Livro
Idioma:eslovaco
Assuntos:
Tags: Adicionar Tag
Sem tags, seja o primeiro a adicionar uma tag!

MARC

LEADER 00000nla$a2200000$$$4500
001 0132575
005 20240502072512.4
041 0 |a slo 
044 |a SK 
245 1 0 |a Prehľad praktických dopadov komplexnej novely štandardov  |c Miloš Tumpach 
520 |a Komplexná novela viac ako 20 štandardov, vydaná v máji 2008. Opis obsahových zmien, ktoré novela prináša. 
610 2 0 |a štandardy účtovné medzinárodné 
610 2 0 |a IFRS 
610 2 0 |a novelizácia 
610 2 0 |a IAS 
100 1 |a Tumpach, Miloš, 1970-